Statistics for Samuel L. Jackson or Laurence Fishburne?

Click here to take the quiz!

General Stats

  • This quiz has been taken 1,111 times
    (1,101 since last reset)
  • The average score is 11 of 18

Answer Stats

QuestionAnswer% Correct
Played in The Matrix (movie franchise)Laurence Fishburne
95%
"Say what again, Say what again, I dare you, I double-dare you ... Say What one more goddamn time"Samuel L. Jackson
90%
Played in several movies by Quentin TarantinoSamuel L. Jackson
88%
Played in Star Wars (movie franchise)Samuel L. Jackson
83%
Played The Shawshank Redemption (movie)None of them
76%
Played in more than 50 episodes of CSILaurence Fishburne
73%
Is Older than the otherSamuel L. Jackson
71%
He often demands easy access to golf courses when shooting a movie.Samuel L. Jackson
66%
Played in John Wick (movie franchise)Laurence Fishburne
65%
Played in Apocalypse Now (movie)Laurence Fishburne
63%
Played in Die Hard (movie franchise)Samuel L. Jackson
59%
Played in Event Horizon (movie)Laurence Fishburne
51%
Played in the DCEU (DC movie franchise)Laurence Fishburne
35%
Won an Oscar (Best Actor in a Leading Role or in a Supporting Role)None of them
33%
Played in xXx (movie franchise)Samuel L. Jackson
33%
Played in the MCU (Marvel movie franchise)Both of them
32%
Played in Escape from L.A. (movie)None of them
28%
Was born in Washington D.C.Samuel L. Jackson
26%

Score Distribution

Percentile by Number Answered

Percent of People with Each Score

Your Score History

You have not taken this quiz since the last reset